Sigma boi lyrics - Statistics

General Stats
  • This quiz has been taken 407 times
  • The average score is 5 of 6
Answers on the Grid
Answers color-coded by a green-red scale on the quiz's grid according to % correct below.
Sigma boi
Sigma boi
Sigma boi
Sigma boi
skibidi
Fortnite
Babe
Sigma boi
goooood boyyy
niger
 
Answer Stats
Answer % Correct
Sigma boi
99%
Sigma boi
98%
Sigma boi
96%
Sigma boi
96%
Sigma boi
85%
Babe
24%
No matching quizzes found
Score Distribution
Percent of People with Each Score
Percentile by Number Answered
Your Score History
You have not taken this quiz